| 000 | 00629nam0a22002291 4500 | ||
|---|---|---|---|
| 001 | rc\1032051 | ||
| 005 | 20041129103015.3 | ||
| 035 | _a(NLR Aleph) 006195573 | ||
| 090 |
_a6212261 _c6212261 |
||
| 100 | _a20041129d1981 u |0rusy50 ca | ||
| 101 | 0 | _arus | |
| 102 | _aRU | ||
| 105 | _ay ||||||||| | ||
| 200 | 1 | _aСоциальное планирование в СССР | |
| 210 |
_aМ. _cПолитиздат _d1981 |
||
| 215 |
_a320 с. _d16 |
||
| 700 | 1 |
_aТощенко _bЖ. Т. _gЖан Терентьевич |
|
| 801 | 0 |
_aRU _bNLR _gpsbo |
|
| 801 | 1 |
_aRU _bELAR _2rusmarc |
|
| 852 |
_aNLR _j82-2/397 |
||
| 942 | _cBOOK | ||
| 980 | _aNB | ||